Z gruzínskeho múdroslovia ; Jana Stehlíková

Bibliographic Details
Other Authors: Stehlíková, Jana (Translator)
Format: Article
Language:Slovak
Subjects:

MARC

LEADER 00000nab a2200000 a 4500
001 vtls000012053
003 SK-MaSNL
005 20260304074713.0
008 250423c1978 xo 0 slo
015 |a SNBRB19rr/mm-uuuuu 
035 |a CL0022147 
035 |a urn:nbn:sk:snk-abb71n 
035 |a (urnnbn)urn:nbn:sk:snk:ar-00489f 
035 |a (uuid)a1c1f7a5-7e82-4f28-8a85-8db98fd23e71 
040 |a SNKBUCL  |b slo  |c SNKBUCL  |e AACR2 
041 0 |a slo 
044 |a xo  |c SK 
080 |a 894.631-84  |2 1981 
080 |a 398.6(=946.31)  |2 1981 
245 0 0 |a Z gruzínskeho múdroslovia ; Jana Stehlíková 
650 0 7 |a príslovia  |2 snkbucl  |9 1251 
650 0 7 |a porekadlá  |2 snkbucl  |9 647326 
650 0 7 |a sovietska literatúra  |2 snkbucl  |9 22300 
655 7 |a články z novín a časopisov  |2 snkbucl  |9 267496 
655 7 |a články z odboru literárna veda a krásna literatúra  |2 snkbucl  |9 770045 
700 1 |a Stehlíková, Jana  |4 trl  |9 713251 
773 0 |t Revue svetovej literatúry  |g Roč. 14, č. 6 (1978), s. 139-143 
850 |a Slovenská národná knižnica 
852 |a Slovenská národná knižnica 
958 |a article15 
958 |a RK 
958 |a LX 
958 |a OND 
958 |a EUIPO 
999 |c 2777521  |d 2779451